01863nam a22001697a 4500003000400000005001700004008004100021040002600062082001400088245004200102250003500144260004100179300002900220520138600249546002701635600003101662OSt20250521151424.0230516b |||||||| |||| 00| 0 eng d aCO-JMCRbspacCO-JMCR04bA-N2STEu14aLas uvas de la ira / cJohn Steinbeck aEdición Centenario Steinbeck a[New York] : bPenguin Books, c1939 a520 páginas ; c22 cm. aLas uvas de la ira es un hito en la literatura norteamericana que explora el conflicto entre ricos y pobres, analiza la reacción feroz de un hombre contra la injusticia y el estoicismo de una mujer igualmente heróica, y refleja los horrores de la Gran Depresión. Aunque sigue la migración de miles de personas del Dust Bowl, Las uvas de la ira se enfoca en la historia de una familia de Oklahoma, los Joads, echados de su hogar y forzados a viajar rumbo a esa Tierra Prometida que era por ese entonces - y que de algún modo sigue siendo - California. De sus desventuras en un país dividido surge un drama sobre la dignidad humana, a un tiempo trágico y majestuoso en su grandeza y su valentía moral. Publicada por primera vez en 1939, la novela reflejó su época como Uncle's Tom's Cabin reflejó los años antes de la Guerra Civil norteamericana. John Steinbeck, un escritor que simpatizaba con la crítica fascista y comunista, insistió en que la versión integral del "Himno de batalla de la República" fuese impresa en la primera edición del libro, que adopta en su título unas palabras del primer verso: "Está pisoteando la vendimia donde se conservan las uvas de la ira." La crónica de Steinbeck sobre el avergonzante maltrato de las clases sociales de los años treinta es tal vez el más "americano" de todos los clásicos americanos. aTraducido del inglés1 aSteinbeck, Johnd1902-1968